[Event "19. Obert Int. Sant Marti 2017"]
[Site "Barcelona ESP"]
[Date "2017.07.14"]
[Round "2.65"]
[White "Garcia Gil, Javier"]
[Black "Monedero Gonzalez, Josep"]
[Result "1-0"]
[WhiteElo "2116"]
[BlackElo "1957"]
[PlyCount "115"]
[EventDate "2017.07.13"]
[EventType "swiss"]
[EventRounds "9"]
[EventCountry "ESP"]
[SourceTitle "Ajedrez en Madrid"]
[Source "lmi"]
[SourceDate "2017.07.13"]
[SourceVersion "1"]
[SourceVersionDate "2019.06.21"]
[SourceQuality "1"]

1. d4 e6 2. c4 f5 3. g3 Nf6 4. Bg2 d5 5. Nc3 c6 6. e3 dxc4 7. Qa4 Nbd7 8. Qxc4
Nb6 9. Qb3 Be7 10. Nge2 O-O 11. Bd2 Nbd5 12. a3 a5 13. Rc1 Qb6 14. Qc2 Qa6 15.
O-O Bd7 16. Rfe1 Rac8 17. e4 fxe4 18. Nxe4 h6 19. Nf4 Nxf4 20. Bxf4 Nd5 21.
Bxh6 gxh6 22. Nc5 Bxc5 23. Qg6+ Kh8 24. Qxh6+ Kg8 25. Qg6+ Kh8 26. Re4 Nf4 27.
Qh6+ Kg8 28. Rxc5 e5 29. Qg5+ Kf7 30. Rxf4+ exf4 31. Qxf4+ Ke7 32. Qg5+ Rf6 33.
Qg7+ Rf7 34. Re5+ Be6 35. Rxe6+ Kxe6 36. Qe5+ Kd7 37. Bh3+ Kd8 38. Qd6+ Ke8 39.
Qe6+ Kf8 40. Qxc8+ Kg7 41. Qg4+ Kf8 42. Qc8+ Kg7 43. Bf1 Qb6 44. Qg4+ Kf8 45.
Bc4 Qxb2 46. Bxf7 Kxf7 47. Qf4+ Kg6 48. Qe4+ Kf7 49. Qf3+ Kg6 50. Qd3+ Kf6 51.
h4 Qb5 52. Qc3 Qb1+ 53. Kg2 Qe4+ 54. Qf3+ Qxf3+ 55. Kxf3 b5 56. Ke4 b4 57. axb4
axb4 58. Kd3 1-0

[Event "19. Obert Int. Sant Marti 2017"]
[Site "Barcelona ESP"]
[Date "2017.07.14"]
[Round "2.66"]
[White "Romero Echeverria, Abigail"]
[Black "Repiso Alvarez, Jorge"]
[Result "1-0"]
[WhiteElo "2109"]
[BlackElo "1954"]
[PlyCount "23"]
[EventDate "2017.07.13"]
[EventType "swiss"]
[EventRounds "9"]
[EventCountry "ESP"]
[SourceTitle "Ajedrez en Madrid"]
[Source "lmi"]
[SourceDate "2017.07.13"]
[SourceVersion "1"]
[SourceVersionDate "2019.06.21"]
[SourceQuality "1"]

1. e4 c6 2. d4 d5 3. e5 Bf5 4. g4 Bd7 5. c4 e6 6. Nc3 h5 7. gxh5 Qh4 8. Be2
dxc4 9. Bf3 Ne7 10. Ne4 Rxh5 11. Nd6+ Kd8 12. Bxh5 1-0

[Event "19. Obert Int. Sant Marti 2017"]
[Site "Barcelona ESP"]
[Date "2017.07.14"]
[Round "2.68"]
[White "Meenal, Gupta"]
[Black "Vigo Allepuz, David"]
[Result "1-0"]
[WhiteElo "1915"]
[BlackElo "2104"]
[PlyCount "103"]
[EventDate "2017.07.13"]
[EventType "swiss"]
[EventRounds "9"]
[EventCountry "ESP"]
[SourceTitle "Ajedrez en Madrid"]
[Source "lmi"]
[SourceDate "2017.07.13"]
[SourceVersion "1"]
[SourceVersionDate "2019.06.21"]
[SourceQuality "1"]

1. e4 e6 2. d4 d5 3. Nc3 Bb4 4. e5 c5 5. a3 Ba5 6. b4 cxd4 7. Nb5 Bc7 8. f4 Ne7
9. Nf3 a6 10. Nbxd4 Bd7 11. Bd3 Nbc6 12. Be3 Bb6 13. c3 Rc8 14. Qd2 Nxd4 15.
cxd4 Bb5 16. O-O Bxd3 17. Qxd3 Qd7 18. g4 h5 19. h3 hxg4 20. hxg4 Qb5 21. Rfd1
Kd7 22. Kf2 Rc4 23. Ng5 Ke8 24. Rh1 Rh6 25. Rad1 Nc6 26. Rxh6 gxh6 27. Nf3 Qa4
28. Rd2 a5 29. f5 exf5 30. gxf5 axb4 31. f6 Qxa3 32. Qh7 Nd8 33. e6 Nxe6 34.
Ne5 Rc7 35. Re2 b3 36. Bxh6 Bxd4+ 37. Kg2 Bxe5 38. Qg8+ Kd7 39. Qxf7+ Kc6 40.
Qxe6+ Bd6 41. f7 Kb5 42. f8=Q Bxf8 43. Qe8+ Kc4 44. Bxf8 Qc1 45. Qa4+ Kd3 46.
Qxb3+ Rc3 47. Qb5+ Rc4 48. Qxd5+ Rd4 49. Qf5+ Kxe2 50. Qf3+ Kd2 51. Bh6+ Kc2
52. Bxc1 1-0

[Event "19. Obert Int. Sant Marti 2017"]
[Site "Barcelona ESP"]
[Date "2017.07.14"]
[Round "2.69"]
[White "Ruperez, Miguel"]
[Black "Al, Ansi Amin"]
[Result "1-0"]
[WhiteElo "2103"]
[BlackElo "1948"]
[PlyCount "105"]
[EventDate "2017.07.13"]
[EventType "swiss"]
[EventRounds "9"]
[EventCountry "ESP"]
[SourceTitle "Ajedrez en Madrid"]
[Source "lmi"]
[SourceDate "2017.07.13"]
[SourceVersion "1"]
[SourceVersionDate "2019.06.21"]
[SourceQuality "1"]

1. d4 Nf6 2. c4 d6 3. Nc3 Bf5 4. f3 e5 5. dxe5 dxe5 6. Qxd8+ Kxd8 7. e4 Be6 8.
Be3 Nbd7 9. O-O-O c6 10. Nh3 Kc7 11. Ng5 Bc5 12. Nxe6+ fxe6 13. Bxc5 Nxc5 14.
b4 Ncd7 15. Kb2 a5 16. a3 axb4 17. axb4 b6 18. g3 Rhd8 19. Be2 Nf8 20. Kc2 Rxd1
21. Rxd1 N8d7 22. Kb3 Rf8 23. Na4 h6 24. Nc3 Nh7 25. Ra1 Kb7 26. Rf1 Ng5 27.
Nd1 Nf6 28. Nb2 Nd7 29. Nd3 Kc7 30. Kc3 Ra8 31. Kb3 Rf8 32. h4 Nh7 33. f4 Nhf6
34. Bf3 Kb7 35. Rd1 Kc7 36. fxe5 Ng8 37. Bg4 Re8 38. Ra1 Kb7 39. Kc3 g6 40. Rf1
h5 41. Rf7 Kc8 42. Bh3 Kd8 43. Rg7 Ne7 44. Bxe6 Nf8 45. Bf7 b5 46. cxb5 cxb5
47. Nc5 Nc6 48. Bxe8 Kxe8 49. e6 Ne7 50. Kd4 Nc6+ 51. Kd5 Nxb4+ 52. Kd6 Nc2 53.
Ra7 1-0

[Event "19. Obert Int. Sant Marti 2017"]
[Site "Barcelona ESP"]
[Date "2017.07.14"]
[Round "2.70"]
[White "Lacasta Palacio, Joaquim"]
[Black "Brunet Gil, Pol"]
[Result "1-0"]
[WhiteElo "2092"]
[BlackElo "1906"]
[PlyCount "69"]
[EventDate "2017.07.13"]
[EventType "swiss"]
[EventRounds "9"]
[EventCountry "ESP"]
[SourceTitle "Ajedrez en Madrid"]
[Source "lmi"]
[SourceDate "2017.07.13"]
[SourceVersion "1"]
[SourceVersionDate "2019.06.21"]
[SourceQuality "1"]

1. g3 d5 2. Nf3 Nf6 3. Bg2 Bf5 4. O-O e6 5. c4 c6 6. b3 Be7 7. Bb2 h6 8. d3 O-O
9. Nbd2 Nbd7 10. Qc2 Rc8 11. h3 Qc7 12. a3 Rfd8 13. Rac1 Bh7 14. cxd5 exd5 15.
b4 Bd6 16. Nb3 Ne5 17. Nxe5 Bxe5 18. Nd4 Nd7 19. f4 Bf6 20. Kh2 Qb6 21. Nf3
Bxb2 22. Qxb2 Re8 23. Rc2 Re7 24. Nd4 Rce8 25. Bf3 Nf8 26. Rfc1 Ne6 27. Nxe6
Rxe6 28. Rc5 Re3 29. Kg2 R8e6 30. R1c2 Rd6 31. a4 Bf5 32. Qd4 Re7 33. e4 Be6
34. f5 Bd7 35. e5 1-0

[Event "19. Obert Int. Sant Marti 2017"]
[Site "Barcelona ESP"]
[Date "2017.07.14"]
[Round "2.71"]
[White "Severri Arrese, Carlos"]
[Black "Sanchez Lopez, Juan Manuel"]
[Result "1/2-1/2"]
[WhiteElo "1904"]
[BlackElo "2088"]
[PlyCount "20"]
[EventDate "2017.07.13"]
[EventType "swiss"]
[EventRounds "9"]
[EventCountry "ESP"]
[SourceTitle "Ajedrez en Madrid"]
[Source "lmi"]
[SourceDate "2017.07.13"]
[SourceVersion "1"]
[SourceVersionDate "2019.06.21"]
[SourceQuality "1"]

1. b3 d5 2. Bb2 Nf6 3. e3 e6 4. f4 Bd6 5. Nf3 c5 6. Bd3 Nbd7 7. O-O Qc7 8. Na3
a6 9. c4 e5 10. fxe5 Nxe5 1/2-1/2

[Event "19. Obert Int. Sant Marti 2017"]
[Site "Barcelona ESP"]
[Date "2017.07.14"]
[Round "2.72"]
[White "Kyrkjebo, Erlend"]
[Black "De Urquiza, Sebastian"]
[Result "1-0"]
[WhiteElo "2085"]
[BlackElo "1902"]
[PlyCount "21"]
[EventDate "2017.07.13"]
[EventType "swiss"]
[EventRounds "9"]
[EventCountry "ESP"]
[SourceTitle "Ajedrez en Madrid"]
[Source "lmi"]
[SourceDate "2017.07.13"]
[SourceVersion "1"]
[SourceVersionDate "2019.06.21"]
[SourceQuality "1"]

1. e4 e5 2. Nc3 Bc5 3. Nf3 d6 4. d4 exd4 5. Nxd4 Nf6 6. Bg5 Bg4 7. f3 Bh5 8.
Nf5 Rg8 9. e5 dxe5 10. Nxg7+ Ke7 11. Qxd8+ 1-0

[Event "19. Obert Int. Sant Marti 2017"]
[Site "Barcelona ESP"]
[Date "2017.07.14"]
[Round "2.73"]
[White "Chernikov, Vladimir"]
[Black "Colome Rovira, Oscar"]
[Result "1-0"]
[WhiteElo "2079"]
[BlackElo "1865"]
[PlyCount "47"]
[EventDate "2017.07.13"]
[EventType "swiss"]
[EventRounds "9"]
[EventCountry "ESP"]
[SourceTitle "Ajedrez en Madrid"]
[Source "lmi"]
[SourceDate "2017.07.13"]
[SourceVersion "1"]
[SourceVersionDate "2019.06.21"]
[SourceQuality "1"]

1. d4 Nf6 2. Nc3 d5 3. Bf4 c6 4. f3 e6 5. e4 dxe4 6. fxe4 Bb4 7. Qd3 O-O 8. a3
Be7 9. Be2 b6 10. Qg3 Ba6 11. Bxb8 Bxe2 12. Bc7 Qd7 13. Ngxe2 Nh5 14. Qh3 g6
15. g4 e5 16. Bxe5 f6 17. Bf4 Nxf4 18. Nxf4 Qxd4 19. Ne6 Qe5 20. Nxf8 Rxf8 21.
O-O-O b5 22. Qd3 b4 23. axb4 Bxb4 24. Qc4+ 1-0

[Event "19. Obert Int. Sant Marti 2017"]
[Site "Barcelona ESP"]
[Date "2017.07.14"]
[Round "2.74"]
[White "Fuentes Godoy, Lilia Ivonne"]
[Black "Krithigga, K."]
[Result "1-0"]
[WhiteElo "2069"]
[BlackElo "1848"]
[PlyCount "97"]
[EventDate "2017.07.13"]
[EventType "swiss"]
[EventRounds "9"]
[EventCountry "ESP"]
[SourceTitle "Ajedrez en Madrid"]
[Source "lmi"]
[SourceDate "2017.07.13"]
[SourceVersion "1"]
[SourceVersionDate "2019.06.21"]
[SourceQuality "1"]

1. d4 d5 2. c4 c6 3. cxd5 cxd5 4. Bf4 Nc6 5. Nc3 Nf6 6. e3 a6 7. Bd3 Qb6 8. Qb3
Qxb3 9. axb3 Na7 10. Nf3 Bd7 11. Ke2 Rc8 12. Rhc1 e6 13. h3 Be7 14. g4 h6 15.
Ne5 Bd8 16. b4 Ke7 17. Nxd7 Nxd7 18. b5 a5 19. Na4 f6 20. Bg3 h5 21. Nc5 b6 22.
Na4 hxg4 23. hxg4 e5 24. Nc3 Kd6 25. Bf5 Rc7 26. Rd1 Rb7 27. dxe5+ Nxe5 28.
Bxe5+ fxe5 29. Rxd5+ Ke7 30. Rxe5+ Kf7 31. Rd1 Bf6 32. Red5 Re8 33. Ne4 Be7 34.
Rd7 Rxd7 35. Bxd7 Rd8 36. Rd3 Bb4 37. Ng3 g6 38. Be6+ Ke7 39. Bc4 Rc8 40. Rd4
Rc5 41. Re4+ Kd8 42. Bd3 Nxb5 43. Re6 Nc7 44. Rxb6 g5 45. Bf5 Nd5 46. Rg6 a4
47. Bd3 Kc7 48. Ne4 Ra5 49. Rxg5 1-0

[Event "19. Obert Int. Sant Marti 2017"]
[Site "Barcelona ESP"]
[Date "2017.07.14"]
[Round "2.75"]
[White "Guix Torres, David"]
[Black "Niklesh, Kumar Jain"]
[Result "1/2-1/2"]
[WhiteElo "2055"]
[BlackElo "1822"]
[PlyCount "102"]
[EventDate "2017.07.13"]
[EventType "swiss"]
[EventRounds "9"]
[EventCountry "ESP"]
[SourceTitle "Ajedrez en Madrid"]
[Source "lmi"]
[SourceDate "2017.07.13"]
[SourceVersion "1"]
[SourceVersionDate "2019.06.21"]
[SourceQuality "1"]

1. e4 c5 2. d4 cxd4 3. c3 Nf6 4. e5 Nd5 5. Nf3 Nc6 6. Bc4 e6 7. cxd4 Nb6 8. Bb3
d6 9. Qe2 Be7 10. O-O O-O 11. Nc3 d5 12. Bf4 a6 13. Rad1 Bd7 14. Bc2 Nc4 15.
Bb1 b5 16. Qc2 g6 17. Bh6 Re8 18. b3 Na3 19. Qd2 Nxb1 20. Rxb1 f5 21. Ne2 Qa5
22. Rfc1 Qxd2 23. Bxd2 Ba3 24. Rd1 a5 25. Bc1 Bf8 26. Bb2 Rec8 27. h4 b4 28.
Rbc1 Na7 29. Rxc8 Rxc8 30. Rc1 h6 31. Rxc8 Bxc8 32. Nf4 Kf7 33. Kf1 Ba6+ 34.
Ke1 Be7 35. Kd2 g5 36. hxg5 hxg5 37. Nd3 Nb5 38. Kc2 Kg6 39. Nc5 Bc8 40. Ne1 f4
41. Ned3 Kh5 42. Kd2 Kg4 43. Ke2 Bd8 44. Kd2 Kf5 45. f3 Kg6 46. Ke2 Kh5 47. Kf2
Kh4 48. Ne1 Be7 49. Ned3 Bd8 50. Ne1 Be7 51. Ned3 Bd8 1/2-1/2

[Event "19. Obert Int. Sant Marti 2017"]
[Site "Barcelona ESP"]
[Date "2017.07.14"]
[Round "2.76"]
[White "Farre Buil, Carles"]
[Black "Garcia Espelta, Josep"]
[Result "1/2-1/2"]
[WhiteElo "1856"]
[BlackElo "2052"]
[PlyCount "43"]
[EventDate "2017.07.13"]
[EventType "swiss"]
[EventRounds "9"]
[EventCountry "ESP"]
[SourceTitle "Ajedrez en Madrid"]
[Source "lmi"]
[SourceDate "2017.07.13"]
[SourceVersion "1"]
[SourceVersionDate "2019.06.21"]
[SourceQuality "1"]

1. e4 c5 2. d4 cxd4 3. c3 dxc3 4. Nxc3 Nc6 5. Nf3 e6 6. Bc4 a6 7. O-O b5 8. Bb3
Bb7 9. Qe2 Nge7 10. Bg5 f6 11. Be3 Ng6 12. Rfd1 Qb8 13. Qd2 Bc8 14. Rac1 Be7
15. Nd4 Nxd4 16. Qxd4 O-O 17. f4 Nxf4 18. Bxf4 Qxf4 19. Nd5 Qd6 20. Nb6 Qb8 21.
Nxd7 Bxd7 22. Qxd7 1/2-1/2

[Event "19. Obert Int. Sant Marti 2017"]
[Site "Barcelona ESP"]
[Date "2017.07.14"]
[Round "2.77"]
[White "Sapale, Saloni"]
[Black "Advait, Bagri"]
[Result "1-0"]
[WhiteElo "2049"]
[BlackElo "1772"]
[PlyCount "87"]
[EventDate "2017.07.13"]
[EventType "swiss"]
[EventRounds "9"]
[EventCountry "ESP"]
[SourceTitle "Ajedrez en Madrid"]
[Source "lmi"]
[SourceDate "2017.07.13"]
[SourceVersion "1"]
[SourceVersionDate "2019.06.21"]
[SourceQuality "1"]

1. e4 e5 2. Nf3 Nc6 3. Bb5 a6 4. Ba4 Nf6 5. O-O b5 6. Bb3 Be7 7. d3 d6 8. a3
O-O 9. Nc3 Rb8 10. h3 Na5 11. Ba2 c5 12. b4 Nc6 13. Rb1 Be6 14. Nd5 Bxd5 15.
exd5 Nd4 16. c3 Nxf3+ 17. Qxf3 Nd7 18. Be3 cxb4 19. axb4 f5 20. c4 bxc4 21.
dxc4 Qe8 22. c5 f4 23. Bd2 Qg6 24. Qg4 Qxg4 25. hxg4 Bd8 26. Rfc1 Nf6 27. f3
Rf7 28. Bc4 Ra7 29. Kf1 Be7 30. Ra1 Kf8 31. c6 Rba8 32. Be1 Bd8 33. Bf2 Re7 34.
g5 Ne8 35. Rxa6 Rxa6 36. Bxa6 Nc7 37. Bc4 Na8 38. Bd3 Nb6 39. Be4 g6 40. Ra1
Kf7 41. Ra6 Nc4 42. Ke2 Rc7 43. b5 Rc8 44. b6 1-0

[Event "19. Obert Int. Sant Marti 2017"]
[Site "Barcelona ESP"]
[Date "2017.07.14"]
[Round "2.78"]
[White "Kyrkjebo, Marte B."]
[Black "Rodriguez Vega, Blas"]
[Result "1-0"]
[WhiteElo "1833"]
[BlackElo "2048"]
[PlyCount "37"]
[EventDate "2017.07.13"]
[EventType "swiss"]
[EventRounds "9"]
[EventCountry "ESP"]
[SourceTitle "Ajedrez en Madrid"]
[Source "lmi"]
[SourceDate "2017.07.13"]
[SourceVersion "1"]
[SourceVersionDate "2019.06.21"]
[SourceQuality "1"]

1. e4 d5 2. exd5 Qxd5 3. Nc3 Qa5 4. d4 e5 5. dxe5 Bb4 6. Bd2 Nc6 7. a3 Nd4 8.
Nge2 Bg4 9. h3 Bh5 10. f3 Bxf3 11. gxf3 Nxf3+ 12. Kf2 Nxe5 13. axb4 Qb6+ 14.
Be3 Qf6+ 15. Bf4 Rd8 16. Qc1 Ne7 17. Ne4 Qc6 18. Bg2 N5g6 19. Nd6+ 1-0

[Event "19. Obert Int. Sant Marti 2017"]
[Site "Barcelona ESP"]
[Date "2017.07.14"]
[Round "2.79"]
[White "Avdhoot, Lendhe"]
[Black "Jijo, Joy"]
[Result "1-0"]
[WhiteElo "2034"]
[BlackElo "1647"]
[PlyCount "53"]
[EventDate "2017.07.13"]
[EventType "swiss"]
[EventRounds "9"]
[EventCountry "ESP"]
[SourceTitle "Ajedrez en Madrid"]
[Source "lmi"]
[SourceDate "2017.07.13"]
[SourceVersion "1"]
[SourceVersionDate "2019.06.21"]
[SourceQuality "1"]

1. d4 d6 2. Nf3 g6 3. Bg5 Bg7 4. e4 Nf6 5. Bd3 h6 6. Bh4 b6 7. O-O Bb7 8. Re1
O-O 9. Nbd2 Nbd7 10. e5 dxe5 11. dxe5 Ng4 12. Bg3 f5 13. exf6 exf6 14. Bxg6 f5
15. Nh4 f4 16. Qxg4 fxg3 17. hxg3 Ne5 18. Rxe5 Qxd2 19. Qe6+ Kh8 20. Bf7 Rxf7
21. Qxf7 Qxc2 22. Re6 Rg8 23. Ree1 Bxb2 24. Rad1 Be4 25. Rd7 Be5 26. Re7 Qb2
27. Kh2 1-0

[Event "19. Obert Int. Sant Marti 2017"]
[Site "Barcelona ESP"]
[Date "2017.07.14"]
[Round "2.80"]
[White "Catala Ulied, Bernat"]
[Black "Aishwin, Daniel"]
[Result "0-1"]
[WhiteElo "1761"]
[BlackElo "2031"]
[PlyCount "102"]
[EventDate "2017.07.13"]
[EventType "swiss"]
[EventRounds "9"]
[EventCountry "ESP"]
[SourceTitle "Ajedrez en Madrid"]
[Source "lmi"]
[SourceDate "2017.07.13"]
[SourceVersion "1"]
[SourceVersionDate "2019.06.21"]
[SourceQuality "1"]

1. d4 d5 2. Nf3 Nf6 3. g3 e6 4. Bg2 Nbd7 5. O-O Bd6 6. c4 c6 7. Qc2 O-O 8. Nbd2
b6 9. b3 Bb7 10. Bb2 Rc8 11. e4 Nxe4 12. Nxe4 dxe4 13. Qxe4 Nf6 14. Qc2 Qe7 15.
Rfe1 Ba3 16. Bxa3 Qxa3 17. Ne5 Rfd8 18. Rad1 Qe7 19. Qb1 Nd7 20. Nd3 Qf6 21. b4
Ba6 22. b5 Bb7 23. Nb4 Nb8 24. Qe4 h6 25. Qe5 Rd7 26. a4 cxb5 27. Bxb7 Rxb7 28.
cxb5 Qxe5 29. dxe5 Rc4 30. Rd8+ Kh7 31. Rb1 Nd7 32. f4 Nc5 33. Ra8 Nxa4 34. Nc6
Nc3 35. Rb3 Nxb5 36. Rc8 Nd4 37. Nxd4 Rxc8 38. Nb5 Rc1+ 39. Kf2 f6 40. exf6
gxf6 41. Re3 Rc5 42. Nd6 Rd7 43. Ne4 Rc2+ 44. Kf3 Kg6 45. h4 f5 46. Nf2 Kf6 47.
g4 Rxf2+ 48. Kxf2 fxg4 49. h5 b5 50. Rb3 Rb7 51. Ke3 b4 0-1

[Event "19. Obert Int. Sant Marti 2017"]
[Site "Barcelona ESP"]
[Date "2017.07.15"]
[Round "3.1"]
[White "Peralta, Fernando"]
[Black "Grafl, Florian"]
[Result "1/2-1/2"]
[WhiteElo "2564"]
[BlackElo "2374"]
[PlyCount "61"]
[EventDate "2017.07.13"]
[EventType "swiss"]
[EventRounds "9"]
[EventCountry "ESP"]
[SourceTitle "Ajedrez en Madrid"]
[Source "lmi"]
[SourceDate "2017.07.13"]
[SourceVersion "1"]
[SourceVersionDate "2019.06.21"]
[SourceQuality "1"]

1. d4 Nf6 2. c4 g6 3. Nc3 Bg7 4. e4 O-O 5. Nf3 c6 6. Bd3 d5 7. e5 Ne8 8. h3 Nc7
9. O-O dxc4 10. Bxc4 Nd7 11. Re1 Nb6 12. Bf1 Be6 13. Ne4 Bd5 14. Qc2 f5 15.
exf6 exf6 16. b3 Re8 17. Ba3 Bf8 18. Bxf8 Bxe4 19. Rxe4 Rxe4 20. Qxe4 Qxf8 21.
a3 Qd6 22. b4 a6 23. Qc2 Ne6 24. Re1 Kf7 25. a4 Rc8 26. Rd1 Rc7 27. Qb3 Qd5 28.
Qc2 Qd6 29. Qb3 Qd5 30. Qc2 Qd6 31. Qb3 1/2-1/2

[Event "19. Obert Int. Sant Marti 2017"]
[Site "Barcelona ESP"]
[Date "2017.07.15"]
[Round "3.2"]
[White "Tissir, Mohamed"]
[Black "Grigoryan, Karen H."]
[Result "1/2-1/2"]
[WhiteElo "2354"]
[BlackElo "2555"]
[PlyCount "58"]
[EventDate "2017.07.13"]
[EventType "swiss"]
[EventRounds "9"]
[EventCountry "ESP"]
[SourceTitle "Ajedrez en Madrid"]
[Source "lmi"]
[SourceDate "2017.07.13"]
[SourceVersion "1"]
[SourceVersionDate "2019.06.21"]
[SourceQuality "1"]

1. e4 c5 2. Nf3 d6 3. d4 cxd4 4. Nxd4 Nf6 5. Nc3 a6 6. Bc4 b5 7. Bb3 Bb7 8. O-O
Nbd7 9. Re1 Nc5 10. Qf3 e6 11. a3 Nxb3 12. cxb3 Be7 13. Qg3 O-O 14. Bh6 Ne8 15.
Be3 Kh8 16. Rad1 Qc7 17. Nf3 e5 18. Nh4 g6 19. f4 Ng7 20. fxe5 dxe5 21. Nd5
Bxd5 22. exd5 Bd6 23. Bh6 f5 24. Rc1 Qf7 25. Nf3 Rae8 26. Ng5 Qa7+ 27. Kh1 Rf6
28. Rc6 Nh5 29. Qc3 Qd7 1/2-1/2

[Event "19. Obert Int. Sant Marti 2017"]
[Site "Barcelona ESP"]
[Date "2017.07.15"]
[Round "3.3"]
[White "Henriquez Villagra, Cristobal"]
[Black "Morales, Jhon Alexander"]
[Result "1-0"]
[WhiteElo "2532"]
[BlackElo "2355"]
[PlyCount "101"]
[EventDate "2017.07.13"]
[EventType "swiss"]
[EventRounds "9"]
[EventCountry "ESP"]
[SourceTitle "Ajedrez en Madrid"]
[Source "lmi"]
[SourceDate "2017.07.13"]
[SourceVersion "1"]
[SourceVersionDate "2019.06.21"]
[SourceQuality "1"]

1. e4 c5 2. Nf3 d6 3. Bb5+ Bd7 4. Bxd7+ Nxd7 5. b3 Ngf6 6. Qe2 e6 7. Bb2 Be7 8.
O-O O-O 9. c4 a6 10. d4 cxd4 11. Nxd4 Rc8 12. Nc3 Qa5 13. Rac1 Rfe8 14. Kh1 Qh5
15. Qxh5 Nxh5 16. Rcd1 Nhf6 17. Rfe1 Red8 18. g3 Kf8 19. Kg2 Ke8 20. f4 Rc7 21.
h3 Nf8 22. Re3 Rdc8 23. Rde1 Kd8 24. Nf3 N6d7 25. g4 Rb8 26. Kg3 b6 27. e5 dxe5
28. fxe5 b5 29. cxb5 axb5 30. Ne4 Ra8 31. a3 Rc2 32. Bc3 Ng6 33. h4 b4 34. axb4
Raa2 35. Ned2 Nb6 36. h5 Nf4 37. Kxf4 Nd5+ 38. Kg3 Nxc3 39. Rd3+ Ke8 40. b5 Nd5
41. Re4 Nc3 42. Rc4 Ne2+ 43. Kf2 Nc1 44. Rdc3 Rxc3 45. Rxc3 Bc5+ 46. Kg2 Bb4
47. Rc8+ Ke7 48. b6 Bxd2 49. b7 Be3+ 50. Kh3 Ba7 51. Ra8 1-0

[Event "19. Obert Int. Sant Marti 2017"]
[Site "Barcelona ESP"]
[Date "2017.07.15"]
[Round "3.4"]
[White "Gutierrez Olivares, Daniel"]
[Black "Asis Gargatagli, Hipolito"]
[Result "1/2-1/2"]
[WhiteElo "2352"]
[BlackElo "2505"]
[PlyCount "47"]
[EventDate "2017.07.13"]
[EventType "swiss"]
[EventRounds "9"]
[EventCountry "ESP"]
[SourceTitle "Ajedrez en Madrid"]
[Source "lmi"]
[SourceDate "2017.07.13"]
[SourceVersion "1"]
[SourceVersionDate "2019.06.21"]
[SourceQuality "1"]

1. e4 c5 2. Nf3 d6 3. Bb5+ Nd7 4. c3 Ngf6 5. Qe2 a6 6. Ba4 b5 7. Bc2 Bb7 8. d3
e6 9. O-O Be7 10. Rd1 Qc7 11. h3 Rc8 12. Nbd2 O-O 13. Nf1 Ne5 14. Ne1 Ng6 15.
d4 cxd4 16. cxd4 Qc4 17. Qe3 Bd8 18. Bb3 Qc6 19. Ng3 Bb6 20. Qf3 Nh4 21. Qf4
Ng6 22. Qf3 Nh4 23. Qf4 Ng6 24. Qf3 1/2-1/2

[Event "19. Obert Int. Sant Marti 2017"]
[Site "Barcelona ESP"]
[Date "2017.07.15"]
[Round "3.5"]
[White "Rios Parra, Alejandro"]
[Black "Cuartas, Jaime Alexander"]
[Result "0-1"]
[WhiteElo "2342"]
[BlackElo "2501"]
[PlyCount "106"]
[EventDate "2017.07.13"]
[EventType "swiss"]
[EventRounds "9"]
[EventCountry "ESP"]
[SourceTitle "Ajedrez en Madrid"]
[Source "lmi"]
[SourceDate "2017.07.13"]
[SourceVersion "1"]
[SourceVersionDate "2019.06.21"]
[SourceQuality "1"]

1. e4 c5 2. Nf3 Nc6 3. d4 cxd4 4. Nxd4 g6 5. Nc3 Bg7 6. Be3 Nf6 7. Bc4 Qa5 8.
O-O O-O 9. Nb3 Qc7 10. f4 d6 11. h3 b6 12. Be2 Bb7 13. Bf3 Nd7 14. Rf2 Na5 15.
Nxa5 bxa5 16. Rb1 Nb6 17. Nd5 Bxd5 18. exd5 Rab8 19. Bd4 Qc4 20. Bxg7 Kxg7 21.
Qe1 Rb7 22. g3 Qxa2 23. b3 Qa3 24. Ra1 Qb4 25. Kf1 Qb5+ 26. Be2 Qd7 27. Rxa5
Qxh3+ 28. Rg2 Qh1+ 29. Kf2 Qxe1+ 30. Kxe1 Rc7 31. c4 e6 32. dxe6 fxe6 33. Bg4
Kf6 34. Rd2 Nc8 35. Re2 Re8 36. Ra6 Ree7 37. Kd2 Nb6 38. Kd3 e5 39. fxe5+ dxe5
40. Ke4 Kg5 41. Bh3 Nd7 42. Bxd7 Rcxd7 43. c5 Rd4+ 44. Ke3 Rb4 45. Rb2 Rc7 46.
c6 Kf5 47. Kf2 Ke6 48. Kg2 h5 49. Kh3 Rb6 50. Rxb6 axb6 51. g4 hxg4+ 52. Kxg4
Rxc6 53. Rd2 Rc3 0-1

[Event "19. Obert Int. Sant Marti 2017"]
[Site "Barcelona ESP"]
[Date "2017.07.15"]
[Round "3.6"]
[White "Himanshu, Sharma"]
[Black "Perpinya Rofes, Lluis Maria"]
[Result "1/2-1/2"]
[WhiteElo "2498"]
[BlackElo "2352"]
[PlyCount "85"]
[EventDate "2017.07.13"]
[EventType "swiss"]
[EventRounds "9"]
[EventCountry "ESP"]
[SourceTitle "Ajedrez en Madrid"]
[Source "lmi"]
[SourceDate "2017.07.13"]
[SourceVersion "1"]
[SourceVersionDate "2019.06.21"]
[SourceQuality "1"]

1. e4 c5 2. Nc3 Nc6 3. Nge2 d6 4. g3 g6 5. d4 Bg4 6. d5 Nd4 7. Nxd4 Bxd1 8.
Bb5+ Qd7 9. Nxd1 cxd4 10. Bxd7+ Kxd7 11. b3 Rc8 12. Bb2 Bg7 13. Kd2 Nf6 14. Kd3
Ng4 15. f4 f5 16. exf5 Rc5 17. h3 Nf6 18. Bxd4 Rxd5 19. c3 gxf5 20. Ne3 e5 21.
Nxd5 Nxd5 22. fxe5 dxe5 23. Be3 Rc8 24. Rac1 Nxe3 25. Kxe3 Bh6+ 26. Ke2 Bxc1
27. Rxc1 Ke6 28. a4 a5 29. c4 Rg8 30. g4 fxg4 31. hxg4 Rxg4 32. Rh1 Rg3 33.
Rh6+ Kf5 34. Rh5+ Ke4 35. Rh4+ Kf5 36. b4 axb4 37. Rxh7 Rg2+ 38. Kf3 Rc2 39.
Rxb7 Rc3+ 40. Ke2 Rxc4 41. a5 Rc2+ 42. Kd3 Ra2 43. Rxb4 1/2-1/2

[Event "19. Obert Int. Sant Marti 2017"]
[Site "Barcelona ESP"]
[Date "2017.07.15"]
[Round "3.7"]
[White "Arvola, Benjamin"]
[Black "Arjun, Kalyan"]
[Result "0-1"]
[WhiteElo "2469"]
[BlackElo "2347"]
[PlyCount "80"]
[EventDate "2017.07.13"]
[EventType "swiss"]
[EventRounds "9"]
[EventCountry "ESP"]
[SourceTitle "Ajedrez en Madrid"]
[Source "lmi"]
[SourceDate "2017.07.13"]
[SourceVersion "1"]
[SourceVersionDate "2019.06.21"]
[SourceQuality "1"]

1. d4 d5 2. c4 c6 3. Nf3 Nf6 4. Nc3 e6 5. e3 Nbd7 6. Qc2 Bd6 7. b3 O-O 8. Be2
b6 9. O-O Bb7 10. Bb2 Qe7 11. Rad1 Rad8 12. Rfe1 Rfe8 13. Bf1 e5 14. g3 e4 15.
Nd2 a6 16. Bg2 Ng4 17. Nf1 f5 18. Rc1 g5 19. Bh3 h5 20. f3 Nh6 21. fxe4 fxe4
22. Bxd7 Rxd7 23. Na4 Bc7 24. b4 Qe6 25. cxd5 cxd5 26. Qe2 g4 27. Rc2 Nf7 28.
Rec1 Bd8 29. h4 gxh3 30. Qxh5 Ng5 31. Nh2 Rf8 32. Rf1 Rxf1+ 33. Kxf1 Rh7 34.
Qd1 Qd6 35. Qg4 Bc6 36. Nc3 Bd7 37. Qe2 Qxg3 38. Nxd5 Rf7+ 39. Nf4 Bb5 40. Rc4
Bxc4 0-1